Viaje al centro de la tierra

Gespeichert in:
Bibliographische Detailangaben
1. Verfasser: Verne, Julio
Format: Buch
Sprache:Undetermined
Veröffentlicht: México, Distrito Federal Gómez Gómez Hnos. Editores 1975
Schlagworte:
Tags: Tag hinzufügen
Keine Tags, Fügen Sie den ersten Tag hinzu!

MARC

LEADER 00000nam a2200000Ia 4500
008 170316s9999 xx 000 0 und d
040 |a cru BVZT 
090 |a 840 V-16vi 
100 |a Verne, Julio  |9 10 
245 |a Viaje al centro de la tierra 
260 |a México, Distrito Federal 
260 |b Gómez Gómez Hnos. Editores 
260 |c 1975 
300 |a 79 páginas 
650 |a LITERATURA FRANCESA  |9 109 
856 |6 http://cms.univalle.edu.co/todosaaprender/anexos/placeres/VerneJulioViajealCentrodelaTierra.pdf  |y Texto completo (Libro completo) 
999 |c 7471  |d 7471 
942 |c LIB  |h 840 V-16vi  |2 z